| 000 | 00908nmc a2200325 a 4500 | ||
|---|---|---|---|
| 003 | AR-BaBNM | ||
| 005 | 20251128202736.0 | ||
| 008 | 157019s1992 ||||||||||||||000 | spa|| | ||
| 020 | _a84-7100-213-2 | ||
| 040 | _cAR-BaBNM | ||
| 100 | 1 | _aBordejé Morencós, Fernando de | |
| 245 | 1 | 0 | _aTráfico de Indias y política océanica |
| 250 | _a1ª ed. | ||
| 260 |
_aMadrid _bMapfre _c1992 |
||
| 300 |
_a341 p. _bmapas, il., láms. |
||
| 490 | 0 |
_aMar y américa _vv. 1 |
|
| 500 | _aApéndices para consultar p. 315-326. | ||
| 650 | 4 | _aNAVEGACION MARITIMA | |
| 650 | 4 | _aTRANSPORTE MARITIMO | |
| 650 | 4 | _aHISTORIA POLITICA | |
| 650 | 4 | _aHISTORIA ECONOMICA | |
| 650 | 4 | _aCOMERCIO | |
| 650 | 4 | _aMARES | |
| 650 | 4 | _aBUQUES | |
| 651 | 4 | _aOcéano Atlántico | |
| 800 | 1 |
_aGallego, José Andrés _ecoordinador |
|
| 800 | 1 |
_aBordejé Morencós, Fernando de _edirector |
|
| 942 | _cBK | ||
| 998 | _cmariana | ||
| 999 |
_c357 _d357 |
||